Statistics for Island In The Sun - Weezer (Lyrics)

Click here to take the quiz!

General Stats

  • This quiz has been taken 40 times
  • The average score is 150 of 182

Answer Stats

Lyrics% Correct
a
100%
I
100%
the
100%
an
97%
can't
97%
in
97%
and
94%
And
94%
feel
94%
island
94%
it
94%
so
94%
sun
94%
to
94%
we
94%
be
92%
fun
92%
makes
92%
me
92%
my
92%
on
92%
On
92%
We'll
92%
you
92%
You
92%
control
89%
having
86%
say
86%
When
86%
you're
86%
forever
83%
holiday
83%
together
83%
All
81%
away
81%
brain
81%
find
81%
playing
81%
words
81%
come
78%
run
78%
anymore
75%
some
75%
that
75%
things
75%
time
75%
never
72%
sea
72%
spend
72%
too
72%
fine
69%
golden
69%
don't
67%
No,
67%
no
67%
bad
64%
memory
64%
need
64%
wanna
64%
(Hip-Hip)
61%
Hip-Hip
61%
(Hip-hip)
61%
Just
56%
place
56%
call
53%
own
50%
As
47%
drift
47%
into
47%
zone
42%

Score Distribution

Percentile by Number Answered

Percent of People with Each Score

Your Score History

You have not taken this quiz